Trendy v oceňovaní majetku a záväzkov poisťovní diplomová práca

Guardado en:
Detalles Bibliográficos
Autor principal: Šimkovič, Radovan
Autor Corporativo: Národohospodárska fakulta EU. Katedra poisťovníctva
Otros Autores: Littvová, Zuzana
Formato: Libro
Lenguaje:eslovaco
Publicado: Bratislava 2013
Etiquetas: Agregar Etiqueta
Sin Etiquetas, Sea el primero en etiquetar este registro!

MARC

LEADER 00000nbm a2200000 4500
001 0170454
005 20161109102347.0
041 0 |a slo 
044 |a SK 
245 1 0 |a Trendy v oceňovaní majetku a záväzkov poisťovní  |b diplomová práca  |c Radovan Šimkovič ; školiteľ: Zuzana Littvová 
264 1 |a Bratislava  |c 2013 
300 |a 62 s. 
100 1 |a Šimkovič, Radovan 
700 1 |a Littvová, Zuzana 
710 2 |a Národohospodárska fakulta EU. Katedra poisťovníctva